| 000 | 00696nam a2200241Ia 4500 | ||
|---|---|---|---|
| 005 | 20260430150440.0 | ||
| 008 | 008 250103s9999 xx 000 0 eng d | ||
| 037 | _aTheses | ||
| 040 | _aCRL | ||
| 040 | _beng | ||
| 040 | _ceng | ||
| 041 | _2eng | ||
| 041 | _aeng | ||
| 084 | _qCRL | ||
| 100 |
_aRoveine P Y Rossilla Au.; Das Ratnottama Gu. _91237535 |
||
| 245 | 0 | _aUnderstanding the Customs and Practices of the Poumai-Naga tribe in the Present Socio-Cultural Context | |
| 260 | _c2023 | ||
| 300 | _a319p. | ||
| 650 | _aArts | ||
| 700 | _aUniversity of Delhi. Faculty of Arts. Deptt. of Modern Indian Languages and Literary Studies | ||
| 942 | _cTH | ||
| 999 |
_c1849806 _d1849806 |
||